000 00372nam a2200133Ia 4500
008 220217s9999||||xx |||||||||||||| ||und||
020 _a81-224-0228-3
082 _a621.381 52 RIE
100 _aRieger, Heinz
245 0 _aAlternating voltage and current; seimens series
260 _aWiley eastern limited
_bNew Delhi
_c1991
300 _b40
650 _aCIRCUITRY
999 _c173304
_d173304